000 00263nam a2200097Ia 4500
001 1299377
005 20260417170343.0
008 260417s9999 xx 000 0 und d
245 0 _aLEVENT ARABALARIN KAHRAMANI
_cMUSTAFA ORAKÇI
260 _bTİMAŞ ÇOCUK YAYINLARI
999 _c1299377
_d1299377